La dificultad de "salir del clóset" en el cine mexicano /

Descripción de como poco a poco las imágenes y representaciones del personaje homesexual en el cine mexicano, han cambiado y como todo proceso de reconocimiento que aboga por una visibilidad digna y veraz, se filtró a través de una serie de fases, para ejemplificar esto se analizan tres filmes: ATM...

Täydet tiedot

Tallennettuna:
Bibliografiset tiedot
Päätekijä: Morán Fernández, Ana Luisa (autor)
Muut tekijät: Reynoso Reynoso, Martha Elisa (autor) (autor)
Aineistotyyppi: Opinnäyte Kirja
Kieli:espanja
Aiheet:
Tagit: Lisää tagi
Ei tageja, Lisää ensimmäinen tagi!

MARC

LEADER 00000nam^a2200000^a^4500
001 000171367
005 20250521000000.0
009 20260310101341.611
037 |a Acervo ITESO - Biblioteca 
041 |a ESP 
090 |a CCO. 576 
100 |a Morán Fernández, Ana Luisa  |e (autor) 
245 1 3 |a La dificultad de "salir del clóset" en el cine mexicano /  |c A.L. Morán Fernández, M.E. Reynoso Reynoso. 
264 |a Guadalajara, México :  |b edición de autor,  |c 2004 
300 |a 1 disco compacto de computadora 
336 |a datos para computadora  |b cod  |2 rdacontenido 
337 |a computadora  |b c  |2 rdamedio 
338 |a disco de computadora  |b cd  |2 rdasoporte 
502 |a ITESO Tesis de Licenciatura en Ciencias de la Comunicación 
520 |a Descripción de como poco a poco las imágenes y representaciones del personaje homesexual en el cine mexicano, han cambiado y como todo proceso de reconocimiento que aboga por una visibilidad digna y veraz, se filtró a través de una serie de fases, para ejemplificar esto se analizan tres filmes: ATM (A toda máquina) (Ismael Rodríguez, 1953), El lugar sin límites (Arturo Ripstein, 1977) y Doña Herlinda y su hijo (Jaime Humberto Hermosillo, 1984). 
530 |a Existe una edición en formato impreso con el mismo título 
649 |a XX 
650 |a Cine Gay y Lésbico -  |z México -  |x Historia y Crítica -  |x Tema Principal 
650 |a Cine Mexicano -  |x Historia y Crítica 
650 |a Sexualidad en el Cine 
650 |a Censura -  |z México 
650 |a Cine -  |x Aspectos Sociales y Culturales 
650 |a Comunicación 
700 |a Reynoso Reynoso, Martha Elisa  |e (autor) 
910 |a Fondo General 
920 |a Electrónicos - Tesis del ITESO en Disco 
905 |a 202 
901 |a 0500108905  |b IT2  |c STS  |u 20250521 
902 |a https://opac.biblio.iteso.mx/vufind/Record/000171367